| 000 | 00682nam a2200181Ia 4500 | ||
|---|---|---|---|
| 008 | 100921s9999 xx 000 0 und d | ||
| 082 |
_b7022 _a920.02 थ 74 |
||
| 100 | _aभावे पुरूषोत्तम भास्कर. | ||
| 245 | _aमुद्रा. | ||
| 260 |
_bविश्वमोहिनी प्रकाशन,पुणे. _c1974 |
||
| 300 |
_a125 _b--- |
||
| 365 | _b9 | ||
| 520 | _aचरित्र- संग्रह,व्यिक्तचित्रे. | ||
| 630 | _aमुद्रा. | ||
| 650 | _aचरित्र- संग्रह,व्यिक्तचित्रे. | ||
| 730 | _aमुद्रा. | ||
| 942 | _cBOOK | ||
| 999 |
_c756135 _d756132 |
||